[Event "IND-chT 40th"]
[Site "Ahmedabad"]
[Date "2020.02.13"]
[Round "9.1"]
[White "Baivab, Mishra"]
[Black "Sengupta, Deep"]
[Result "1/2-1/2"]
[WhiteElo "2206"]
[BlackElo "2534"]
[PlyCount "154"]
[EventDate "2020.02.07"]
[EventType "team-swiss"]
[EventRounds "9"]
[EventCountry "IND"]
[SourceTitle "CBM 194 Extra"]
[Source "ChessBase"]
[SourceDate "2020.03.31"]
[SourceVersion "1"]
[SourceVersionDate "2020.03.31"]
[SourceQuality "1"]
[WhiteTeam "Odisha"]
[BlackTeam "Petroleum Sports"]
[WhiteTeamCountry "IND"]
[BlackTeamCountry "IND"]

1. d4 Nf6 2. c4 e6 3. Nc3 Bb4 4. e3 0-0 5. Bd2 b6 6. Rc1 Bb7 7. Nf3 c5 8. a3 Bxc3 9. Bxc3 cxd4 10. Bxd4 Nc6 11. Bc3 Ne4 12. Be2 Qe7 13. 0-0 Nxc3 14. Rxc3 Rfd8 15. Qc2 Rac8 16. Rd1 h6 17. Rd2 d6 18. Qd1 e5 19. Ne1 e4 20. Nc2 Ne5 21. Nb4 Qg5 22. Nd5 Bxd5 23. Rxd5 Qg6 24. b4 f5 25. c5 Kh7 26. Rc2 bxc5 27. bxc5 Qe6 28. Bc4 Nxc4 29. Rxc4 dxc5 30. Rxd8 Rxd8 31. Qxd8 Qxc4 32. h4 Qc1+ 33. Kh2 Qe1 34. Kg3 Qe2 35. Qd5 Qg4+ 36. Kh2 Qxh4+ 37. Kg1 Qf6 38. Qxc5 a6 39. Kh2 Qe6 40. a4 Kg6 41. a5 Kh5 42. Qb6 Qc4 43. Qd8 Qe2 44. Qe8+ g6 45. Kg3 f4+ 46. exf4 Qg4+ 47. Kh2 Qxf4+ 48. Kg1 Qf5 49. Qc6 Qxa5 50. Qxe4 Qb5 51. f4 g5 52. f5 g4 53. Qf4 Qb6+ 54. Kf1 Qf6 55. Ke2 a5 56. Kd3 a4 57. Qxa4 Qxf5+ 58. Ke2 Kh4 59. Qa3 Qf4 60. Qc3 g3 61. Qf3 Qd4 62. Ke1 h5 63. Ke2 Qe5+ 64. Kf1 Kg5 65. Qd1 h4 66. Qd2+ Kg6 67. Qd3+ Kh5 68. Qf3+ Kg5 69. Qe3+ Qf4+ 70. Qxf4+ Kxf4 71. Kg1 Kg4 72. Kh1 h3 73. Kg1 hxg2 74. Kxg2 Kf4 75. Kg1 Kf3 76. Kf1 g2+ 77. Kg1 Kg3 1/2-1/2

[Event "IND-chT 40th"]
[Site "Ahmedabad"]
[Date "2020.02.11"]
[Round "7.4"]
[White "Chudasama, Ankit"]
[Black "Baivab, Mishra"]
[Result "1/2-1/2"]
[WhiteElo "1823"]
[BlackElo "2206"]
[PlyCount "61"]
[EventDate "2020.02.07"]
[EventType "team-swiss"]
[EventRounds "9"]
[EventCountry "IND"]
[SourceTitle "CBM 194 Extra"]
[Source "ChessBase"]
[SourceDate "2020.03.31"]
[SourceVersion "1"]
[SourceVersionDate "2020.03.31"]
[SourceQuality "1"]
[WhiteTeam "Gujarat IV"]
[BlackTeam "Odisha"]
[WhiteTeamCountry "IND"]
[BlackTeamCountry "IND"]

1. e4 c5 2. Nf3 g6 3. d4 cxd4 4. Nxd4 Nc6 5. Nc3 Bg7 6. Be3 Nf6 7. Bc4 0-0 8. Bb3 d6 9. f3 Bd7 10. Qd2 Nxd4 11. Bxd4 b5 12. Nd5 Nxd5 13. Bxg7 Kxg7 14. exd5 a5 15. Qd4+ Kg8 16. a4 Qc7 17. axb5 Bxb5 18. c4 Bd7 19. 0-0 Rab8 20. Ba4 e5 21. dxe6 Bxe6 22. b3 Rb7 23. Rac1 d5 24. Bb5 dxc4 25. Bxc4 Rbb8 26. Rfe1 Bxc4 27. bxc4 Rfd8 28. Qc3 a4 29. Ra1 Qb6+ 30. Kh1 Qa6 31. h3 1/2-1/2

[Event "Madurai Athens of the East op 1st"]
[Site "Madurai"]
[Date "2019.08.15"]
[Round "7"]
[White "Rathnakaran, Kantholi"]
[Black "Baivab, Mishra"]
[Result "0-1"]
[WhiteElo "2337"]
[BlackElo "2215"]
[PlyCount "88"]
[EventDate "2019.08.11"]
[EventType "swiss"]
[EventRounds "10"]
[EventCountry "IND"]
[SourceTitle "CBM 191 Extra"]
[Source "ChessBase"]
[SourceDate "2019.09.30"]
[SourceVersion "1"]
[SourceVersionDate "2019.09.30"]
[SourceQuality "1"]

1. e4 c5 2. Nf3 g6 3. h4 h5 4. Bc4 Bg7 5. c3 Nf6 6. Qc2 d5 7. Bb5+ Bd7 8. Bxd7+ Qxd7 9. e5 Ng4 10. d4 Nc6 11. 0-0 0-0 12. Re1 e6 13. Bf4 Qc7 14. Na3 Qb6 15. Qd2 cxd4 16. cxd4 Rfc8 17. Nc2 Rc7 18. Rec1 Rac8 19. b3 Bf8 20. Nfe1 Nxd4 21. Qxd4 Bc5 22. Qd2 Bxf2+ 23. Kh1 Bxh4 24. g3 Nf2+ 25. Kg2 Ne4 26. Qe2 Bxg3 27. Bxg3 Nxg3 28. Kxg3 Qg1+ 29. Qg2 Rc3+ 30. Kh4 Qxg2 31. Nxg2 Rxc2 32. Rxc2 Rxc2 33. Ne1 Rc3 34. Kg5 Kg7 35. Kf4 f6 36. Nf3 g5+ 37. Nxg5 fxg5+ 38. Kxg5 Rf3 39. Rc1 Rf5+ 40. Kh4 Rxe5 41. Rc7+ Kf6 42. Rxb7 d4 43. Rxa7 d3 44. Rd7 Rd5 0-1

[Event "Madurai Athens of the East op 1st"]
[Site "Madurai"]
[Date "2019.08.12"]
[Round "3"]
[White "Venkatesh, Marani Rajendran"]
[Black "Baivab, Mishra"]
[Result "1-0"]
[WhiteElo "2480"]
[BlackElo "2215"]
[PlyCount "119"]
[EventDate "2019.08.11"]
[EventType "swiss"]
[EventRounds "10"]
[EventCountry "IND"]
[SourceTitle "CBM 191 Extra"]
[Source "ChessBase"]
[SourceDate "2019.09.30"]
[SourceVersion "1"]
[SourceVersionDate "2019.09.30"]
[SourceQuality "1"]

1. Nf3 d5 2. g3 g6 3. Bg2 Bg7 4. d4 Nd7 5. c4 dxc4 6. Qa4 Ngf6 7. Nc3 0-0 8. Qxc4 Nb6 9. Qd3 Nbd5 10. 0-0 Nxc3 11. Qxc3 c6 12. Re1 Nd7 13. Bf4 c5 14. e3 cxd4 15. exd4 Nf6 16. Bc7 Qe8 17. Ne5 Be6 18. Bxb7 Nd5 19. Qa5 Rc8 20. Bc6 Bxe5 21. Bxe8 Bxc7 22. Qa6 Nb4 23. Qa4 Bd6 24. Bd7 Bxd7 25. Qxd7 Rc7 26. Rxe7 Rxd7 27. Rxd7 Bb8 28. a3 Nd3 29. b4 Rc8 30. Rd1 Nb2 31. Rd2 Na4 32. d5 Nb6 33. Rb7 Rd8 34. Rd3 Nc4 35. d6 Nxd6 36. Rxb8 Rxb8 37. Rxd6 a5 38. bxa5 Rb3 39. a6 Rxa3 40. h4 h5 41. Kf1 Ra2 42. Ke1 Kg7 43. f3 Ra3 44. Ke2 Kh7 45. Kf2 Kg7 46. Rc6 Kh7 47. g4 hxg4 48. fxg4 Kh6 49. Rf6 Ra4 50. Kf3 Kg7 51. Rb6 Kh6 52. Rd6 Ra3+ 53. Kf4 Ra4+ 54. Ke5 f6+ 55. Rxf6 Rxg4 56. Rf4 Rg1 57. Ra4 Re1+ 58. Kd6 Rd1+ 59. Kc6 Rc1+ 60. Kb6 1-0

[Event "New Delhi Parsvnath op-A 17th"]
[Site "New Delhi"]
[Date "2019.01.10"]
[Round "2"]
[White "Paichadze, Luka"]
[Black "Baivab, Mishra"]
[Result "1/2-1/2"]
[WhiteElo "2583"]
[BlackElo "2196"]
[PlyCount "68"]
[EventDate "2019.01.09"]
[EventType "swiss"]
[EventRounds "10"]
[EventCountry "IND"]
[SourceTitle "CBM 188 Extra"]
[Source "ChessBase"]
[SourceDate "2019.02.26"]
[SourceVersion "1"]
[SourceVersionDate "2019.02.26"]
[SourceQuality "1"]

1. e4 e5 2. Nc3 Nc6 3. Bc4 Nf6 4. d3 Na5 5. Qf3 Nxc4 6. dxc4 Bb4 7. Nge2 d6 8. h3 Be6 9. b3 Nd7 10. 0-0 Bxc3 11. Qxc3 0-0 12. f4 exf4 13. Bxf4 f6 14. Nd4 Re8 15. Rae1 Bf7 16. Nf5 Bg6 17. b4 a5 18. c5 d5 19. Qb3 Bxf5 20. exf5 c6 21. a3 axb4 22. axb4 Ne5 23. Qg3 Qc7 24. Kh1 Re7 25. Re3 Rae8 26. Rfe1 Qb8 27. R1e2 Kh8 28. Qe1 Kg8 29. Qc3 Kf7 30. Qd4 Kf8 31. Re1 Qc7 32. g4 h6 33. h4 Qd8 34. Kg2 Nc4 1/2-1/2

[Event "Commonwealth-ch"]
[Site "New Delhi"]
[Date "2018.07.01"]
[Round "7"]
[White "Siva, Mahadevan"]
[Black "Baivab, Mishra"]
[Result "1-0"]
[WhiteElo "2346"]
[BlackElo "2153"]
[PlyCount "164"]
[EventDate "2018.06.26"]
[EventType "swiss"]
[EventRounds "9"]
[EventCountry "IND"]
[SourceTitle "CBM 185 Extra"]
[Source "ChessBase"]
[SourceDate "2018.07.29"]
[SourceVersion "1"]
[SourceVersionDate "2018.07.29"]
[SourceQuality "1"]

1. e4 c5 2. Nf3 g6 3. d4 cxd4 4. Nxd4 Nc6 5. c4 Nf6 6. Nc3 d6 7. Be2 Nxd4 8. Qxd4 Bg7 9. Be3 0-0 10. Qd2 Be6 11. Rc1 Qa5 12. f3 Rfc8 13. b3 a6 14. Na4 Qxd2+ 15. Kxd2 Nd7 16. g4 f5 17. exf5 gxf5 18. h3 Rf8 19. f4 Rad8 20. Rhd1 Ra8 21. Rh1 Rad8 22. Rhd1 Ra8 23. Rh1 Rad8 24. Rhd1 Nf6 25. Rh1 Nd7 26. Rhd1 Nf6 27. g5 Ne4+ 28. Ke1 h6 29. h4 hxg5 30. hxg5 Bd7 31. Nb6 Be6 32. Na4 Bd7 33. Nb6 Nc3 34. Nxd7 Rxd7 35. Rd2 Nxe2 36. Kxe2 Rc7 37. Rd5 Rd7 38. Rd2 Rc7 39. Rd5 Kh7 40. c5 dxc5 41. Rcxc5 Rxc5 42. Bxc5 Rc8 43. b4 Rc7 44. Kd3 Kg6 45. a4 Kf7 46. a5 Kg6 47. Kc4 Kh7 48. Kd3 Kg6 49. Kc4 e6 50. Rd6 Kf7 51. Rd8 e5 52. fxe5 Bxe5 53. Kd5 Bf4 54. Bd6 Bxd6 55. Rxd6 Kg7 56. Ke5 f4 57. Rf6 Rd7 58. Rxf4 Kg6 59. Rd4 Rc7 60. Kd6 Rc6+ 61. Kd7 Kxg5 62. Rd6 Rc4 63. Rb6 Kf5 64. Rxb7 Ke4 65. b5 axb5 66. Rxb5 Kd4 67. Rb7 Ke4 68. Rb5 Kd4 69. Rb7 Ke4 70. Rb5 Kd4 71. Kd6 Rc8 72. a6 Kc4 73. Rb6 Rh8 74. a7 Rh6+ 75. Kc7 Rh7+ 76. Kb8 Kc5 77. Rb1 Rh8+ 78. Kb7 Rh7+ 79. Ka6 Rh6+ 80. Ka5 Rh8 81. Rb8 Rh1 82. Rc8+ Kd5 1-0

[Event "Bhubaneswar op 11th"]
[Site "Bhubaneswar"]
[Date "2018.05.26"]
[Round "2"]
[White "Rozum, Ivan"]
[Black "Baivab, Mishra"]
[Result "1-0"]
[WhiteElo "2581"]
[BlackElo "2128"]
[PlyCount "109"]
[EventDate "2018.05.25"]
[EventType "swiss"]
[EventRounds "10"]
[EventCountry "IND"]
[SourceTitle "CBM 184 Extra"]
[Source "ChessBase"]
[SourceDate "2018.06.28"]
[SourceVersion "1"]
[SourceVersionDate "2018.06.28"]
[SourceQuality "1"]

1. c4 c5 2. Nf3 g6 3. d4 cxd4 4. Nxd4 Nf6 5. Nc3 Nc6 6. Nc2 Bg7 7. e4 d6 8. Be2 0-0 9. 0-0 Nd7 10. Bd2 a5 11. Be3 Nc5 12. f3 f5 13. exf5 Bxf5 14. Nd4 Nxd4 15. Bxd4 Bxd4+ 16. Qxd4 Bd7 17. f4 Bc6 18. Bf3 Rf7 19. Rae1 Qf8 20. Bd5 Bxd5 21. Nxd5 Re8 22. b3 Qg7 23. Qd2 Ref8 24. Rf3 Kh8 25. Ref1 Ne4 26. Qe3 Nc5 27. h3 Kg8 28. f5 Kh8 29. Re1 Rxf5 30. Rxf5 Rxf5 31. Qxe7 Qxe7 32. Rxe7 Kg8 33. Nc3 Rf7 34. Re8+ Kg7 35. Ra8 b6 36. Rb8 a4 37. Rxb6 axb3 38. axb3 Ra7 39. Nd5 Ra2 40. b4 Ne4 41. Rb7+ Kh6 42. Rc7 Rb2 43. b5 g5 44. Re7 Rb1+ 45. Kh2 Nd2 46. Ne3 Rb4 47. Re6+ Kg7 48. Rxd6 Nxc4 49. Rd4 Rxb5 50. Rxc4 h5 51. Kg3 Kf6 52. Kf3 Ra5 53. Rc6+ Kg7 54. Ke4 Ra4+ 55. Rc4 1-0

[Event "IND-chT 38th"]
[Site "Bhubaneswar"]
[Date "2018.02.11"]
[Round "6.3"]
[White "Baivab, Mishra"]
[Black "Sriram, Jha"]
[Result "1/2-1/2"]
[WhiteElo "2139"]
[BlackElo "2388"]
[PlyCount "237"]
[EventDate "2018.02.08"]
[EventType "team-swiss"]
[EventRounds "9"]
[EventCountry "IND"]
[SourceTitle "CBM 182 Extra"]
[Source "ChessBase"]
[SourceDate "2018.02.23"]
[SourceVersion "1"]
[SourceVersionDate "2018.02.23"]
[SourceQuality "1"]
[WhiteTeam "Odisha"]
[BlackTeam "Life Insurance Corporation"]
[WhiteTeamCountry "IND"]
[BlackTeamCountry "IND"]

1. d4 Nf6 2. c4 e6 3. Nf3 b6 4. g3 Ba6 5. b3 Bb4+ 6. Bd2 Be7 7. Bg2 d5 8. cxd5 exd5 9. 0-0 0-0 10. Nc3 Re8 11. Re1 Bb7 12. Rc1 Ne4 13. Ne5 Nxc3 14. Bxc3 Nd7 15. Nd3 Nf6 16. Bb4 Bxb4 17. Nxb4 Qd6 18. Nd3 Re7 19. e3 c6 20. Re2 Rc8 21. Rec2 Rcc7 22. Qe1 g6 23. Qb4 Qd8 24. a4 Ba6 25. Nf4 Bb7 26. a5 Rc8 27. axb6 axb6 28. Bf3 Ra8 29. h4 Ne4 30. Kg2 c5 31. dxc5 bxc5 32. Qe1 d4 33. Qd1 Qb6 34. b4 cxb4 35. Qxd4 Qxd4 36. exd4 b3 37. Rb2 Ra2 38. Rxb3 Nxf2 39. Rxb7 Ne4+ 40. Kg1 Rxb7 41. Bxe4 Rb3 42. Bd3 Rd2 43. Re1 Rdxd3 44. Nxd3 Rxd3 45. Kg2 Rxd4 46. Re7 Kg7 47. Ra7 h5 48. Ra6 Re4 49. Kf3 Re6 50. Ra7 Kf6 51. Kf4 Rc6 52. Ra5 Ke6 53. Kf3 Rd6 54. Ke4 Rc6 55. Re5+ Kd6 56. Rd5+ Ke7 57. Ra5 Rf6 58. Ra7+ Kf8 59. Ra8+ Kg7 60. Ra7 Rf1 61. Rb7 Kh6 62. Rb5 Rf2 63. Ke3 Rf6 64. Ra5 Rf1 65. Rb5 Kg7 66. Rb6 Rf6 67. Rb5 Kh6 68. Ra5 Rf1 69. Rb5 Kg7 70. Rb6 Rf5 71. Rb8 Ra5 72. Rb6 Ra4 73. Kf3 Ra3+ 74. Kf2 Ra5 75. Kf3 Rf5+ 76. Kg2 Re5 77. Kf3 Rc5 78. Ra6 Rc4 79. Rb6 Rg4 80. Ra6 Rb4 81. Ke3 Rb3+ 82. Kf2 Rd3 83. Rb6 Kf8 84. Rb7 Ke8 85. Ra7 Rd7 86. Ra6 Ke7 87. Ke3 Rd6 88. Ra5 Ke6 89. Ke4 Rb6 90. Re5+ Kf6 91. Ra5 Rb4+ 92. Kf3 Rd4 93. Rb5 Ke6 94. Rb8 Ke5 95. Ke3 Rd5 96. Rb4 Ra5 97. Re4+ Kf6 98. Rb4 g5 99. hxg5+ Kxg5 100. Kf3 Ra3+ 101. Kg2 Ra2+ 102. Kf3 Ra3+ 103. Kg2 Ra5 104. Rc4 Re5 105. Ra4 f6 106. Rb4 Re6 107. Ra4 f5 108. Ra8 Rg6 109. Kf3 Rg7 110. Rb8 Ra7 111. Rg8+ Kf6 112. Rf8+ Rf7 113. Rh8 Kg6 114. Kf4 Ra7 115. Rg8+ Kf6 116. Rf8+ Kg6 117. Rg8+ Kf6 118. Rf8+ Kg6 119. Rg8+ 1/2-1/2

[Event "IND-chT 38th"]
[Site "Bhubaneswar"]
[Date "2018.02.10"]
[Round "4.3"]
[White "Stany, George Anthony"]
[Black "Baivab, Mishra"]
[Result "1-0"]
[WhiteElo "2500"]
[BlackElo "2139"]
[PlyCount "119"]
[EventDate "2018.02.08"]
[EventType "team-swiss"]
[EventRounds "9"]
[EventCountry "IND"]
[SourceTitle "CBM 182 Extra"]
[Source "ChessBase"]
[SourceDate "2018.02.23"]
[SourceVersion "1"]
[SourceVersionDate "2018.02.23"]
[SourceQuality "1"]
[WhiteTeam "Airports Authority"]
[BlackTeam "Odisha"]
[WhiteTeamCountry "IND"]
[BlackTeamCountry "IND"]

1. e4 e5 2. Nf3 Nc6 3. Bb5 Nf6 4. Nc3 Bb4 5. 0-0 0-0 6. d3 Bxc3 7. bxc3 d6 8. Bg5 h6 9. Bh4 Bd7 10. Rb1 a6 11. Ba4 b5 12. Bb3 Na5 13. d4 Bg4 14. dxe5 g5 15. exf6 gxh4 16. h3 Bh5 17. Qd5 Bxf3 18. Qf5 Nxb3 19. Qxf3 Kh8 20. Qf4 Kh7 21. cxb3 Rg8 22. Qxh4 Rg6 23. Rbd1 Rxf6 24. Rd5 Qh8 25. e5 Rg6 26. exd6 cxd6 27. Qe4 Re8 28. Qd3 Qf6 29. Rd1 Re6 30. g3 Kg8 31. Kg2 Qe7 32. Rd2 Re1 33. Rf5 Rc1 34. Re2 Qb7+ 35. Qf3 Qxf3+ 36. Rxf3 Kg7 37. Rd3 d5 38. Red2 Rc6 39. Rxd5 R1xc3 40. Rf5 Rc7 41. Rd6 R3c6 42. Rff6 Rxd6 43. Rxd6 Ra7 44. Rb6 h5 45. h4 f6 46. Kf3 Kg6 47. Kf4 a5 48. Rxb5 a4 49. b4 a3 50. Ra5 Rc7 51. Rxa3 Rc4+ 52. Ke3 Rxb4 53. Ra8 Rb2 54. a4 Ra2 55. a5 Ra3+ 56. Ke4 Ra4+ 57. Kd5 Kg7 58. a6 Ra2 59. Kc6 Rxf2 60. Rb8 1-0

[Event "Kendrapara Umar Ali Memorial"]
[Site "Kendrapara"]
[Date "2017.12.26"]
[Round "5"]
[White "Rabindra, Kumar Ojha"]
[Black "Baivab, Mishra"]
[Result "1/2-1/2"]
[WhiteElo "1750"]
[BlackElo "2152"]
[PlyCount "86"]
[EventDate "2017.12.25"]
[EventType "swiss"]
[EventRounds "9"]
[EventCountry "IND"]
[SourceTitle "EXT 2019"]
[Source "ChessBase"]
[SourceDate "2018.10.10"]
[SourceVersion "1"]
[SourceVersionDate "2018.10.10"]
[SourceQuality "1"]

1. Nf3 d5 2. d4 Nf6 3. Bf4 c5 4. e3 Nc6 5. c3 Qb6 6. Qb3 c4 7. Qc2 Bf5 8. Qc1 e6 9. Nbd2 h6 10. Be2 Be7 11. Bd1 Nh5 12. Bc2 Bxc2 13. Qxc2 f5 14. g4 Nxf4 15. exf4 0-0 16. g5 Qc7 17. gxh6 gxh6 18. Ne5 Nxe5 19. fxe5 Kh7 20. Ke2 Rg8 21. Rag1 b5 22. a3 a5 23. Nf3 b4 24. axb4 axb4 25. Rxg8 Rxg8 26. Ra1 b3 27. Qd1 Qb7 28. Ra4 Ra8 29. Qa1 Rxa4 30. Qxa4 Bd8 31. Qe8 Qe7 32. Qc6 Qf7 33. Qc8 Bg5 34. Qa8 Bc1 35. Qa1 Bf4 36. Qa6 Bc1 37. Qa1 Bf4 38. Qa6 Qd7 39. Kd1 Kg7 40. h4 Qf7 41. Ke2 Qd7 42. Qa1 Qf7 43. Qa5 Kh7 1/2-1/2

[Event "Puri Odisha op"]
[Site "Puri"]
[Date "2017.12.16"]
[Round "8"]
[White "Rajat, Kumar Sahoo"]
[Black "Baivab, Mishra"]
[Result "1/2-1/2"]
[WhiteElo "1805"]
[BlackElo "2152"]
[PlyCount "143"]
[EventDate "2017.12.14"]
[EventType "swiss"]
[EventRounds "9"]
[EventCountry "IND"]
[SourceTitle "CBM 182 Extra"]
[Source "ChessBase"]
[SourceDate "2018.02.23"]
[SourceVersion "1"]
[SourceVersionDate "2018.02.23"]
[SourceQuality "1"]

1. d4 Nf6 2. Bf4 c5 3. e3 d5 4. Nf3 Nc6 5. c3 Qb6 6. Qc1 Bf5 7. Nbd2 e6 8. Nb3 h6 9. h3 Rc8 10. Be2 Be7 11. Ne5 0-0 12. 0-0 Nxe5 13. Bxe5 Nd7 14. Bg3 Bg6 15. Re1 Rfd8 16. Bf3 Bf6 17. Qd2 a6 18. Nc1 Qc6 19. Nd3 b5 20. Rec1 Qb7 21. Bd6 cxd4 22. cxd4 Bxd3 23. Qxd3 Rc6 24. Rxc6 Qxc6 25. Bg3 Nb6 26. Re1 Rc8 27. b3 Be7 28. e4 Bf6 29. exd5 Nxd5 30. Be5 Bg5 31. Qe4 Qc2 32. Qg4 Qd2 33. Rd1 Rc1 34. Rxc1 Qxc1+ 35. Kh2 Bf4+ 36. Bxf4 Nxf4 37. g3 Ng6 38. Qe4 Qd2 39. Qa8+ Kh7 40. Qxa6 Qxf2+ 41. Bg2 b4 42. Qb7 f5 43. Qc6 f4 44. gxf4 Qxf4+ 45. Kh1 Qxd4 46. Qxe6 Qa1+ 47. Kh2 Qxa2 48. Kg3 Qd2 49. Be4 Qg5+ 50. Kf3 h5 51. Ke2 Qf6 52. Qxf6 gxf6 53. Kd3 Kh6 54. Kc4 Ne5+ 55. Kxb4 Kg5 56. Kc5 f5 57. Bd5 Kf4 58. Kd4 Nd7 59. b4 h4 60. b5 Nb8 61. Be6 Kg5 62. Ke5 f4 63. Bg4 f3 64. Bxf3 Nd7+ 65. Kd6 Nb6 66. Kc7 Na4 67. Kc6 Kf4 68. Bd1 Nb2 69. b6 Nc4 70. b7 Na5+ 71. Kc7 Nxb7 72. Kxb7 1/2-1/2

[Event "Asia Cities-ch 20th"]
[Site "Bhubaneswar"]
[Date "2017.09.01"]
[Round "9.2"]
[White "Baivab, Mishra"]
[Black "Rakesh, Kumar Jena"]
[Result "1/2-1/2"]
[WhiteElo "2074"]
[BlackElo "2394"]
[PlyCount "60"]
[EventDate "2017.08.26"]
[EventType "team-swiss"]
[EventRounds "9"]
[EventCountry "IND"]
[SourceTitle "CBM 180 Extra"]
[Source "ChessBase"]
[SourceDate "2017.10.06"]
[SourceVersion "1"]
[SourceVersionDate "2017.10.06"]
[SourceQuality "1"]
[WhiteTeam "Puri"]
[BlackTeam "Bhubaneswar KIIT"]
[WhiteTeamCountry "IND"]
[BlackTeamCountry "IND"]

1. d4 Nf6 2. g3 c5 3. Nf3 cxd4 4. Nxd4 g6 5. c4 Bg7 6. Bg2 0-0 7. 0-0 Nc6 8. Nc3 Nxd4 9. Qxd4 d6 10. Qd3 a6 11. Bd2 Rb8 12. Rac1 Be6 13. b3 Nd7 14. Rfd1 b5 15. cxb5 axb5 16. Nd5 Bf5 17. e4 Bg4 18. f3 Be6 19. Be3 Bxd5 20. Qxd5 Qa5 21. Qd2 b4 22. a4 Nc5 23. Qd5 Rbc8 24. Bf1 Rfd8 25. Bc4 e6 26. Qd2 Bc3 27. Qe2 Qc7 28. Rb1 Qe7 29. Bf2 Qc7 30. Kg2 Qb7 1/2-1/2

[Event "Asia Cities-ch 20th"]
[Site "Bhubaneswar"]
[Date "2017.08.31"]
[Round "8.4"]
[White "Baivab, Mishra"]
[Black "Sultan, Ibrahim"]
[Result "0-1"]
[WhiteElo "2074"]
[BlackElo "2076"]
[PlyCount "98"]
[EventDate "2017.08.26"]
[EventType "team-swiss"]
[EventRounds "9"]
[EventCountry "IND"]
[SourceTitle "CBM 180 Extra"]
[Source "ChessBase"]
[SourceDate "2017.10.06"]
[SourceVersion "1"]
[SourceVersionDate "2017.10.06"]
[SourceQuality "1"]
[WhiteTeam "Puri"]
[BlackTeam "Dubai"]
[WhiteTeamCountry "IND"]
[BlackTeamCountry "UAE"]

1. e4 e6 2. d4 d5 3. Nd2 c5 4. exd5 Qxd5 5. Ngf3 cxd4 6. Bc4 Qd6 7. 0-0 Nf6 8. Nb3 Nc6 9. Nbxd4 Nxd4 10. Nxd4 a6 11. Nf3 b5 12. Qxd6 Bxd6 13. Be2 Bb7 14. Rd1 Bc5 15. Bd2 Ne4 16. Be1 Ke7 17. Ne5 Rhd8 18. Nd3 Bd4 19. a4 Rac8 20. Bb4+ Nd6 21. c3 Bb6 22. axb5 axb5 23. Nc1 Bc5 24. Bxc5 Rxc5 25. Ra7 Rd7 26. Nb3 Rg5 27. f3 Bd5 28. Rxd7+ Kxd7 29. Nd4 Bc4 30. Kf2 Bxe2 31. Nxe2 Kc6 32. Nd4+ Kc5 33. Nb3+ Kc6 34. Nd4+ Kc5 35. Ra1 Kb6 36. Ra8 Rd5 37. Rb8+ Kc7 38. Rg8 e5 39. Ne2 g6 40. g4 Rd2 41. b4 Kc6 42. Rh8 Kd5 43. Rxh7 Kc4 44. Ke3 Rd3+ 45. Kf2 Rd2 46. Ke3 Rd3+ 47. Kf2 e4 48. fxe4 Nxe4+ 49. Ke1 Rd7 0-1

[Event "Asia Cities-ch 20th"]
[Site "Bhubaneswar"]
[Date "2017.08.29"]
[Round "5.3"]
[White "Baivab, Mishra"]
[Black "Looi, Xin Hao"]
[Result "0-1"]
[WhiteElo "2074"]
[BlackElo "2073"]
[PlyCount "110"]
[EventDate "2017.08.26"]
[EventType "team-swiss"]
[EventRounds "9"]
[EventCountry "IND"]
[SourceTitle "CBM 180 Extra"]
[Source "ChessBase"]
[SourceDate "2017.10.06"]
[SourceVersion "1"]
[SourceVersionDate "2017.10.06"]
[SourceQuality "1"]
[WhiteTeam "Puri"]
[BlackTeam "Penang"]
[WhiteTeamCountry "IND"]
[BlackTeamCountry "MAS"]

1. e4 c6 2. d4 d5 3. Nc3 dxe4 4. Nxe4 Bf5 5. Ng3 Bg6 6. Nh3 e6 7. Nf4 Bd6 8. c3 Nf6 9. h4 Qc7 10. Qf3 Nbd7 11. Bc4 0-0-0 12. h5 Bc2 13. Bb3 Bxb3 14. axb3 e5 15. Nfe2 exd4 16. Nf5 dxc3 17. bxc3 Ne5 18. Qh3 Bc5 19. 0-0 Rd3 20. g3 g6 21. hxg6 fxg6 22. Nf4 Qd7 23. Nxd3 Nxd3 24. b4 Bxf2+ 25. Rxf2 Nxf2 26. Nd6+ Kc7 27. Qxd7+ Nxd7 28. Nf7 Rf8 29. Bf4+ Kb6 30. Ng5 Nd3 31. Be3+ c5 32. Rd1 N7e5 33. Ne6 Re8 34. Bxc5+ Nxc5 35. Rd6+ Nc6 36. bxc5+ Ka5 37. Nd4 Nxd4 38. cxd4 Re7 39. Rd8 Kb5 40. Kf2 a5 41. Ra8 a4 42. Kf3 g5 43. Ra7 Rd7 44. Ke4 h5 45. c6 Kxc6 46. Rxa4 h4 47. gxh4 gxh4 48. Ra5 Rh7 49. Rc5+ Kb6 50. Rc1 h3 51. Ke5 h2 52. Rh1 Kc7 53. Ke6 Kd8 54. d5 Rh6+ 55. Ke5 Kd7 0-1

[Event "IND-ch Challengers 55th"]
[Site "Ahmedabad"]
[Date "2017.08.14"]
[Round "2"]
[White "Aravindh, Chithambaram VR"]
[Black "Baivab, Mishra"]
[Result "1/2-1/2"]
[WhiteElo "2579"]
[BlackElo "2074"]
[PlyCount "146"]
[EventDate "2017.08.13"]
[EventType "swiss"]
[EventRounds "13"]
[EventCountry "IND"]
[SourceTitle "CBM 180 Extra"]
[Source "ChessBase"]
[SourceDate "2017.10.06"]
[SourceVersion "1"]
[SourceVersionDate "2017.10.06"]
[SourceQuality "1"]

1. e4 c5 2. Nf3 g6 3. c4 Bg7 4. d4 Qa5+ 5. Bd2 Qb6 6. Bc3 cxd4 7. Bxd4 Bxd4 8. Qxd4 Qxd4 9. Nxd4 d6 10. Nc3 Nf6 11. f3 Nc6 12. Nc2 0-0 13. Be2 Be6 14. 0-0-0 Rfc8 15. b3 Rab8 16. Kb2 a6 17. Rd2 Na7 18. Rc1 Nd7 19. Ne3 Kf8 20. f4 f6 21. Nc2 Nc6 22. g3 Ke8 23. Bf1 Kf8 24. Be2 Ke8 25. Bf1 Kf8 26. Re1 Ke8 27. Rf2 Kf8 28. Ne3 Ke8 29. Ned5 Nd4 30. Rd1 Nc6 31. Rfd2 Kf7 32. Be2 Ke8 33. Rf1 Na5 34. Rg1 Nc6 35. h4 Nd8 36. g4 g5 37. hxg5 fxg5 38. Rh1 Nf8 39. f5 Bxd5 40. exd5 Nf7 41. Bd3 h6 42. f6 Nd7 43. Bf5 Rc7 44. Bxd7+ Rxd7 45. Ne4 Rc8 46. Rf2 b5 47. Kc3 bxc4 48. b4 Rcd8 49. a4 Kf8 50. fxe7+ Rxe7 51. Nxg5 hxg5 52. Rh8+ Kg7 53. Rxf7+ Rxf7 54. Rxd8 Rf3+ 55. Kxc4 Rf4+ 56. Kc3 Rf3+ 57. Kc2 Rf4 58. b5 axb5 59. axb5 Rb4 60. Kd3 Kf6 61. Rf8+ Ke7 62. Rg8 Rxb5 63. Ke4 Kf6 64. Rf8+ Kg6 65. Rd8 Rb4+ 66. Ke3 Rxg4 67. Rxd6+ Kf7 68. Re6 Ra4 69. Kf3 Rd4 70. Re4 Rxe4 71. Kxe4 Ke7 72. Kf5 Kd6 73. Kxg5 Kxd5 1/2-1/2

[Event "Dubai op 19th"]
[Site "Dubai"]
[Date "2017.04.03"]
[Round "1"]
[White "Indjic, Aleksandar"]
[Black "Baivab, Mishra"]
[Result "1-0"]
[WhiteElo "2589"]
[BlackElo "2105"]
[PlyCount "85"]
[EventDate "2017.04.03"]
[EventType "swiss"]
[EventRounds "9"]
[EventCountry "UAE"]
[SourceTitle "CBM 177 Extra"]
[Source "ChessBase"]
[SourceDate "2017.04.27"]
[SourceVersion "1"]
[SourceVersionDate "2017.04.27"]
[SourceQuality "1"]

1. d4 d5 2. c4 dxc4 3. Nf3 a6 4. e3 b5 5. a4 Bb7 6. b3 e6 7. bxc4 bxc4 8. Bxc4 Nf6 9. Nbd2 Nbd7 10. Qb3 Ra7 11. 0-0 Be7 12. Re1 c5 13. Bb2 0-0 14. e4 cxd4 15. Bxd4 Bc5 16. Bxc5 Nxc5 17. Qe3 Qe7 18. Nd4 Ba8 19. f3 Rc7 20. Bf1 Bb7 21. Nc4 Nfd7 22. a5 Rd8 23. Rec1 Nb8 24. Rab1 Nc6 25. Nxc6 Bxc6 26. Nb6 Bb7 27. e5 Rc6 28. Nc4 Ba8 29. Nd6 Nd7 30. Rxc6 Bxc6 31. f4 Nb8 32. Qb6 g5 33. f5 exf5 34. Qxb8 Be4 35. Rb7 Bxb7 36. Qxb7 Qxe5 37. Qxf7+ Kh8 38. Nxf5 Qc5+ 39. Kh1 Qf8 40. Qc7 h6 41. Qc3+ Kh7 42. Bd3 Rd7 43. Ne7+ 1-0